<?xml version="1.0" encoding="UTF-8"?><?xml-stylesheet type="text/xsl" href="static/style.xsl"?><OAI-PMH xmlns="http://www.openarchives.org/OAI/2.0/" xmlns:xsi="http://www.w3.org/2001/XMLSchema-instance" xsi:schemaLocation="http://www.openarchives.org/OAI/2.0/ http://www.openarchives.org/OAI/2.0/OAI-PMH.xsd"><responseDate>2026-04-30T01:34:23Z</responseDate><request verb="GetRecord" identifier="oai:riubu.ubu.es:10259/10212" metadataPrefix="marc">https://riubu.ubu.es/oai/request</request><GetRecord><record><header><identifier>oai:riubu.ubu.es:10259/10212</identifier><datestamp>2025-02-13T01:05:26Z</datestamp><setSpec>com_10259.4_2498</setSpec><setSpec>com_10259_5086</setSpec><setSpec>com_10259_2604</setSpec><setSpec>col_10259.4_2499</setSpec></header><metadata><record xmlns="http://www.loc.gov/MARC21/slim" xmlns:doc="http://www.lyncode.com/xoai" xmlns:xsi="http://www.w3.org/2001/XMLSchema-instance" xmlns:dcterms="http://purl.org/dc/terms/" xsi:schemaLocation="http://www.loc.gov/MARC21/slim http://www.loc.gov/standards/marcxml/schema/MARC21slim.xsd">
<leader>00925njm 22002777a 4500</leader>
<datafield tag="042" ind1=" " ind2=" ">
<subfield code="a">dc</subfield>
</datafield>
<datafield tag="720" ind1=" " ind2=" ">
<subfield code="a">Lacalle, Charo</subfield>
<subfield code="e">author</subfield>
</datafield>
<datafield tag="720" ind1=" " ind2=" ">
<subfield code="a">Gómez Morales, Beatriz</subfield>
<subfield code="e">author</subfield>
</datafield>
<datafield tag="720" ind1=" " ind2=" ">
<subfield code="a">Vicent Ibáñez, Mireya</subfield>
<subfield code="e">author</subfield>
</datafield>
<datafield tag="720" ind1=" " ind2=" ">
<subfield code="a">Narvaiza, Sara</subfield>
<subfield code="e">author</subfield>
</datafield>
<datafield tag="260" ind1=" " ind2=" ">
<subfield code="c">2025-01</subfield>
</datafield>
<datafield tag="520" ind1=" " ind2=" ">
<subfield code="a">This article summarizes the main results of a study about the disparagement of women politicians in Spain. The thematic analysis of 1,245 comments spontaneously posted on the Burbuja.info forum reveals that the commenters feel entitled to humiliate and disparage the eight female politicians embattled by the hate speech posts. While the main targets of this form of harassment have been women representatives of left-wing parties, the focus of the disparaging attacks has been the female body. This explains why those who were overweight were the most vilified, even during periods when they had a lower profile in the media.</subfield>
</datafield>
<datafield tag="024" ind2=" " ind1="8">
<subfield code="a">1077-8012</subfield>
</datafield>
<datafield tag="024" ind2=" " ind1="8">
<subfield code="a">http://hdl.handle.net/10259/10212</subfield>
</datafield>
<datafield tag="024" ind2=" " ind1="8">
<subfield code="a">10.1177/10778012241313479</subfield>
</datafield>
<datafield tag="024" ind2=" " ind1="8">
<subfield code="a">1552-8448</subfield>
</datafield>
<datafield ind1=" " ind2=" " tag="653">
<subfield code="a">Misogyny</subfield>
</datafield>
<datafield ind1=" " ind2=" " tag="653">
<subfield code="a">Hate speech</subfield>
</datafield>
<datafield ind1=" " ind2=" " tag="653">
<subfield code="a">Women politicians</subfield>
</datafield>
<datafield ind1=" " ind2=" " tag="653">
<subfield code="a">Manosphere</subfield>
</datafield>
<datafield tag="245" ind1="0" ind2="0">
<subfield code="a">“She Looks Like She’d Be a Filthy Pig in Bed”: Online Misogyny and Denigration  of Women Politicians</subfield>
</datafield>
</record></metadata></record></GetRecord></OAI-PMH>